000 00430nam a2200181Ia 4500
001 20548
005 20260306172814.0
008 260306t2013||||xx |||||||||||||| ||spa||
041 _aESP
082 _a343.4
_bE94 T. 2
100 _aEto Cruz, Gerardo
_eAUT
245 0 _aTratado del proceso constitucional de amparo
260 _c2013
300 _a
_c25 cm.
650 _aGEN
654 _aCDE
942 _cLIB
_dJUS
_fJUS
_2ddc
_n
999 _c20548
_d20548